| 000 | 00400nam a2200157Ia 4500 | ||
|---|---|---|---|
| 008 | 230711s9999||||xx |||||||||||||| ||und|| | ||
| 041 | _aENG | ||
| 082 |
_a677 _bKU-T |
||
| 100 | _aKulkarni,JS | ||
| 245 | 0 | _aTwo for one : tech and technique | |
| 250 | _a1st Ed. | ||
| 260 |
_c1992 _aNew Delhi _bTextile Committee Govt of India |
||
| 650 | _aTextile Engineering | ||
| 700 | _aMurthy,DVS | ||
| 942 | _cBK | ||
| 999 |
_c3654 _d3654 |
||